000
00326nam a22001457a 4500
020
_a
81-259-1734-9
082
_a
494
_b
THI/E
100
_a
THIVAR, THRILOKINATH
100
_a
DHOOBHE, RAMNAYAN
245
_a
EKANKI SUMAN
250
_a
FIRST
260
_a
NEW DELHI
_b
MADHUBUN
_c
2005
650
_a
PLAY
_z
NEW DELHI
942
_c
BK
999
_c
4374
_d
4374